Responses for Show #3737 - Tuesday, November 28, 2000

Contestants

[<< previous game]

Scott Rogers, a magazine editor from Alexandria, Virginia

Carolyn Saxon, an actor from Weehawken, New Jersey

Jackie Kaufman, an attorney from Buffalo Grove, Illinois (whose 1-day cash winnings total $2,999)

[next game >>]

Jeopardy! Round responses

THE MIDDLE-AGED
(Alex: Think of me!)
JAMES K. POLK ME
SPORTS LEGENDS
STATE SEALS
WHAT FOODS THESE MORSELS BE
"CUS" WORDS
(Alex: Don't look at me now!)
    $100 11
Baby boomers

Scott
    $100 16
Democrats

Scott
    $100 6
Pete Rose

Carolyn
    $100 27
Alaska

Jackie
    $100 1
Germany

Carolyn
    $100 21
The customer

Carolyn
    $200 12
Midlife crisis

Scott
    $200 17
Dark horse

Scott
    $200 7
Dan Marino

Carolyn
    $200 26
Grapes/grapevines

Carolyn
    $200 2
Meatballs

Carolyn
    $200 22
Custody

Carolyn
    $300 13
Fantasy camps

Scott
    $300 18
Mexican-American War

Scott
    $300 8
Bill Russell

Carolyn
    $300 28
Beehive

Carolyn
    $300 3
Eggnog

Carolyn
    $300 23
(a minute to go...)

Modern circus

Carolyn
    $400 14
Life cycle

Triple Stumper
    $400 19
a popular vote

Carolyn
    $400 9
Jesse Owens

Scott
    $400 29
Missouri River

Carolyn
    $400 4
Liverwurst

Carolyn
    $400 24
Cuspidor

Triple Stumper
    $500 15
(S: What are complex carbohydrates?)

Triglycerides

Scott
    $500 20
Tennessee

Triple Stumper
    $500 10
Rocky Marciano

Carolyn
    $500 30
Brown pelican

Scott
    $500 5
Cilantro

Triple Stumper
    $500 25
Crocuses

Jackie

Scores at the first commercial break (after clue 14):

Jackie Carolyn Scott
$0 $2,100 $1,000

Scores at the end of the Jeopardy! Round:

Jackie Carolyn Scott
$600 $4,000 $1,600

Double Jeopardy! Round responses

THE MIDDLE AGES
WOOL
LITERARY TRANSLATIONS
(Alex: You have to give us the English title.)
MOVIE VILLAINS
TURKEY LEFTOVERS
ADVERBS
    $200 3
(J: What is a rabbit's foot?)

Horseshoe

JackieScott
    $200 9
Sheared them

Scott
    $200 11
"The Divine Comedy"

Carolyn
    $200 1
The Cell

Carolyn
    $200 21
Crescent & star

Scott
    $200 18
Frankly

Carolyn
    $400 4
Pisces

Carolyn
    $400 10
In the dryer

Jackie
    $400 14
"100 Years of Solitude"

Carolyn
    $400 2
Cruella de Vil

Scott
    $400 25
Mount Ararat

Carolyn
    $400 19
Boldly

Carolyn
    $600 6
Bishop

Scott
    $600 24
(minute to go...)

Fleece

Triple Stumper
    $600 15
"Being and Nothingness"

Scott
    $600 5
Kevin Bacon

Scott
    $600 26
Ottomans

Jackie
    $600 20
Slowly

Jackie
    $800 7
(J: What is Henry?)

Edward III

Jackie
Triple Stumper
    $800 29
Carded

Scott
    $800 16
"Death in Venice"

Carolyn
    $800 12
Reservoir Dogs

Carolyn
    $800 27
Kemal Ataturk

Scott
    $400 22
Solemnly

Scott
    $1000 8
(C: What is Templar?)
(J: What is Malta?)

Teutonic Knights

JackieCarolyn
Triple Stumper
    $1000 30
Falkland (or Malvinas) Islands

Carolyn
    $1000 17
"Dead Souls"

Triple Stumper
    $1000 13
Alan Rickman

Carolyn
    $1,200 28
Constantine the Great

Scott
    $1000 23
Vicariously

Scott

Scores at the end of the Double Jeopardy! Round:

Jackie Carolyn Scott
$200 $8,800 $8,600

[wagering suggestions for these scores]

Final Jeopardy! Round responses

ARCHITECTS
(Alex: Don't get down, get even!)
JackieWho is ?
$0
ScottWho is (Line) M. Lin
$8,100
CarolynWho is N'ary?
$8,401
Maya Ying Lin

Final scores:

Jackie Carolyn Scott
$200 $399 $16,700
3rd place: Pair of Phat E Electric Scooters 2nd place: Trip to Palm Island Resort, The Grenadines New champion: $16,700

Game dynamics:

Coryat scores:

Jackie Carolyn Scott
$200 $8,800 $9,300
5 R,
3 W
26 R,
1 W
20 R
(including 2 DDs),
1 W
(including 1 DD)

Combined Coryat: $18,300

[game clues] [game scores] [suggest correction]

Game tape date: 2000-10-03
The J! Archive is created by fans, for fans. Scraping, republication, monetization, and malicious use prohibited; this site may use cookies and collect identifying information. See terms. The Jeopardy! game show and all elements thereof, including but not limited to copyright and trademark thereto, are the property of Jeopardy Productions, Inc. and are protected under law. This website is not affiliated with, sponsored by, or operated by Jeopardy Productions, Inc. Join the discussion at JBoard.tv.